000 01261nam a2200397 a 4500
001 20421
003 VRT
005 20260122125857.0
008 960531q1995 xo dp 000 d slo c
020 _a8088834163 (brož.)
035 _aUKB000184614
039 9 _a201207171321
_bmaja
040 _aBAA001
_bslo
_cBAA001
_eAACR2
041 1 _aslo
044 _axo
_cSK
080 _a885.4-93-22(08)
100 1 _aKyrmezer, Pavel,
_d1530(1540?)-1589
243 1 0 _aBaroková literatúra
245 0 0 _aKomédie
_cPavol Kyrmezer, Juraj Tesák Mošovský
260 _aRohovce
_bInterpopulart Slovakia
_c[1995]
300 _a129 s.
490 1 _aPopulart. Študentská knižnica
_v17
500 _aBaroková literatúra
504 _aBibliogr. s. 128
650 0 7 _aliteratúra slovenská klasická
650 0 7 _akomédie
653 _a885.4-93-22(08)
700 1 _aMošovský, Juraj Tesák
_d1545-1617
_4aut
760 1 _tPopulart. Študentská knižnica
830 0 _aPopulart. Študentská knižnica
_v17
910 _aukb
942 _2ddc
_cKLDO
_n0
949 _61800004740
_a30.D.64305
_bPV.1801-96
_oČitateľská strata č.39/2023
_s4700:20230810
949 _61800004741
_aSL.D.23139
_bPV.1802-96
949 _61800006914
_a30.D.64305
_bKD.173-96
999 _c20421
_d20421